| 000 | 00746nam a22002537a 4500 | ||
|---|---|---|---|
| 001 | BR2018000070 | ||
| 003 | BR-BrBNA | ||
| 005 | 20240123150107.0 | ||
| 007 | ta | ||
| 008 | 230509b bl.||||| |||| 00| 0 por d | ||
| 040 |
_aBR-BrBNA _bpor _cBiblioteca Nacional de Agricultura |
||
| 041 | _apor | ||
| 072 | _aE14; E70 | ||
| 090 |
_aA01 _bBR2013000832 |
||
| 110 | 1 | _aMinistério do Meio Ambiente, Brasília, DF (Brasil) | |
| 245 | 1 |
_aSabiá: _ba experiência com comercialização agroecológica / |
|
| 260 | 3 |
_aBrasília, DF (Brasil): _c2006. |
|
| 300 | _a67 p. | ||
| 490 | _aSérie Sistematização, 6 | ||
| 650 | _aDESENVOLVIMENTO AGRÍCOLA | ||
| 650 | _aDESENVOLVIMENTO SUSTENTÁVEL | ||
| 650 | _aCOMERCIALIZAÇÃO | ||
| 942 |
_cBK _2AGRIS |
||
| 999 |
_c84070 _d84070 |
||